| LEADER 00000nam 2200000uu 4500 |
| 001 13399110035 |
| 003 BCNR |
| 008 110127s2551||||th 000 0 tha d |
| 020 9789749751510
|
| 041 0 tha
|
| 060 04 WI700^bน595ล 2551
|
| 100 0 นิทราพร รุจนวิศาล
|
| 245 10 ล้างพิษตับ /^cนิทราพร รุจนวิศาล และ ปาริชาติ สักกะทำนุ,เรียบเรียง ; บรรจบ ชุณหสวัสดิกุล, บรรณาธิการ
|
| 250 พิมพ์ครั้งที่ 14
|
| 260 กรุงเทพฯ :^bรวมทรรศน์,^c2551
|
| 300 0112 หน้า :^bภาพประกอบ ;^c21 ซม.
|
| 440 0 ชุดธรรมชาติบำบัดและรักษาตนเอง
|
| 650 7 ตับ
|
| 650 7 การล้างพิษ
|
| 650 7 ธรรมชาติบำบัด
|
| 650 7 โภชนบำบัด
|
| 650 7 อาหารเพื่อสุขภาพ
|
| 700 0 ปาริชาติ สักกะทำนุ
|
| 700 0 บรรจบ ชุณหสวัสดิกุล,^eบรรณาธิการ
|
| 999 ^aบรรณารักษ์
|